Central Library OPAC University of Rajshahi

Rabindra Oeuvre : (Record no. 74482)

MARC details
000 -LEADER
fixed length control field 00908nam a22002417a 4500
001 - CONTROL NUMBER
control field 74482
003 - CONTROL NUMBER IDENTIFIER
rucl marc code BD-RjUL
005 - DATE AND TIME OF LATEST TRANSACTION
control field 20211209082546.0
008 - FIXED-LENGTH DATA ELEMENTS--GENERAL INFORMATION
fixed length control field 181007r20162011bg a|||| |||| 00| 0 eng d
020 ## - INTERNATIONAL STANDARD BOOK NUMBER
International Standard Book Number 9789848866405 (Set)
035 ## - SYSTEM CONTROL NUMBER
System control number (BD-RjUL) 74700
040 ## - CATALOGING SOURCE
Original cataloging agency BD-RjUL
Language of cataloging eng
Transcribing agency BD-RjUL
041 ## - LANGUAGE CODE
Language code of text/sound track or separate title eng
082 ## - DEWEY DECIMAL CLASSIFICATION NUMBER
Edition number 23
Classification number 891.4414
Author mark and year TAR 2016
100 ## - MAIN ENTRY--PERSONAL NAME
Personal name Tagore, Rabindranath
9 (RLIN) 223350
245 ## - TITLE STATEMENT
Title Rabindra Oeuvre :
Remainder of title All published and unpublished Bengali and English writing, letters, manuscripts, printing and photographs /
Statement of responsibility, etc. Rabindranath Tagore.
260 ## - PUBLICATION, DISTRIBUTION, ETC. (IMPRINT)
Place of publication, distribution, etc. Dhaka :
Name of publisher, distributor, etc. Pathak shambesh,
Date of publication, distribution, etc. 2012 [reprint 2016].
300 ## - PHYSICAL DESCRIPTION
Pagination V. :
Illustrations ill. ;
Size 25 cm.
500 00 - GENERAL NOTE
General note This book is v.25, v.1--v.18,v.22--v. 25 Published in Bengali language and v.19-- v.21 published in english language.
505 01 - FORMATTED CONTENTS NOTE
Formatted contents note v.19-- v. 20 -- v. 21 --
600 ## - SUBJECT ADDED ENTRY--PERSONAL NAME
Personal name Tagore, Rabindranath
Dates associated with a name 1861-1941
942 ## - ADDED ENTRY ELEMENTS (KOHA)
Source of classification or shelving scheme Dewey Decimal Classification
Koha item type Books
Holdings
Lost status Source of classification or shelving scheme Damaged status Not for loan Collection code Permanent Location Current Location Shelving location Date acquired Source of acquisition Cost, normal purchase price Total Checkouts Full call number Date last seen Copy number Koha item type
  Dewey Decimal Classification   Not For Loan Non-fiction Central Library, University of Rajshahi Central Library, University of Rajshahi Reading Room 25/07/2018 Dhaka samaskriti Ministry 1500.00   891.4414 TAR V-19 2016 08/10/2018 C-1 Books
  Dewey Decimal Classification   Not For Loan Non-fiction Central Library, University of Rajshahi Central Library, University of Rajshahi Reading Room 25/07/2018 Dhaka samaskriti Ministry 1500.00   891.4414 TAR V-20 2016 08/10/2018 C-1 Books
  Dewey Decimal Classification   Not For Loan Non-fiction Central Library, University of Rajshahi Central Library, University of Rajshahi Reading Room 25/07/2018 Dhaka samaskriti Ministry 1500.00   891.4414 TAR V-21 2016 08/10/2018 C-1 Books